Größte Exporteure von E-Autos - Statistiken

Allgemein
  • Dieses Quiz wurde 188 mal gespielt
  • Das Durchschnittsergebnis liegt bei 7 aus 10
Antwortstatistiken
Exporte (in Mio. €) Land Weltexportanteil % Korrekt
7.019 USA 30,7%
100%
3.470 Deutschland 15,2%
98%
391 China 1,7%
96%
1.041 Frankreich 4,5%
93%
385 Japan 1,7%
91%
2.102 Südkorea 9,2%
71%
979 Großbritannien 4,3%
57%
1.065 Niederlande 4,7%
43%
4.482 Belgien 19,6%
35%
1.133 Österreich 5,0%
34%
Keine übereinstimmenden Quizze gefunden
Verteilung der Resultate
Anzahl Personen mit jedem Resultat
Perzentil nach korrekt beantworteten Fragen
Ihre Resultats-Entwicklung
Sie haben dieses Quiz noch nicht gespielt